000
00241nam a2200097Ia 4500
001
1220232
005
20250827092807.0
008
250824s9999 xx 000 0 und d
245
0
_a
LİSTE
_c
PATRICIA FORDE
260
_b
GENÇ TİMAŞ YAYINLARI
999
_c
1220232
_d
1220232